Hodnotenie projektov využívania obnoviteľných zdrojov energie

Problematika nedostatočnej ekonomickej efektívnosti obnoviteľných zdrojov energie v súčasnosti. Určenie ekonomickej výhodnosti alebo nevýhodnosti obnoviteľných zdrojov energie oproti tradičným zdrojom. Kriteriálne metódy hodnotenia projektov. Tradičné metódy multikriteriálneho hodnotenia projektov....

Descrizione completa

Salvato in:
Dettagli Bibliografici
Autore principale: Andrejkovič, Marek
Natura: Capitolo di libro
Lingua:slovacco
Soggetti:
Tags: Aggiungi Tag
Nessun Tag, puoi essere il primo ad aggiungerne!!

MARC

LEADER 00000nla$a2200000$$$4500
001 0093411
005 20240502072036.7
041 0 |a slo 
044 |a SK 
245 1 0 |a Hodnotenie projektov využívania obnoviteľných zdrojov energie  |c Marek Andrejkovič 
520 |a Problematika nedostatočnej ekonomickej efektívnosti obnoviteľných zdrojov energie v súčasnosti. Určenie ekonomickej výhodnosti alebo nevýhodnosti obnoviteľných zdrojov energie oproti tradičným zdrojom. Kriteriálne metódy hodnotenia projektov. Tradičné metódy multikriteriálneho hodnotenia projektov. Metóda binárnej entropie. Návrh využitia expertného odhadu pri projektoch obnoviteľných zdrojov energie. 
610 2 0 |a projekty 
610 2 0 |a zdroje energetické 
610 2 0 |a zdroje energie obnoviteľné 
610 2 0 |a efektívnosť ekonomická 
610 2 0 |a odhady 
100 1 |a Andrejkovič, Marek